Rancho amargo : novela /

Bibliographic Details
Main Author: Rosa, Julio C. da, 1920-2001
Format: Book
Language:Spanish
Published: Montevideo : Ediciones Tauro, 1969.
Series:Colección Narradores ; 30.

MARC

Tag First Indicator Second Indicator Subfields
LEADER 00000cam a2200000 i 4500
001 in00000023250
005 20210515063747.0
008 751104s1969 uy 00011 spa d
035 |a (OCoLC)01803843 
035 |9 AAD9629AM 
040 |a OSU  |c OSU  |d TXA  |d UtOrBLW 
049 |a TXAS  |c [1700898] 
090 |a PQ8519.R668  |b R36 1969 
100 1 |a Rosa, Julio C. da,  |d 1920-2001. 
245 1 0 |a Rancho amargo :  |b novela /  |c Julio da Rosa. 
264 1 |a Montevideo :  |b Ediciones Tauro,  |c 1969. 
300 |a 62 pages ;  |c 17 cm. 
336 |a text  |b txt  |2 rdacontent 
337 |a unmediated  |b n  |2 rdamedia 
338 |a volume  |b nc  |2 rdacarrier 
490 1 |a Coleccion Narradores ;  |v 30 
830 0 |a Colección Narradores ;  |v 30. 
999 |a MARS 
999 f f |s 3ca9ae9c-ccd2-3657-bcb0-0f467cd68f3c  |i 5993e6be-c818-3b75-b48f-11a91274fbd3  |t 0 
952 f f |p noncirc  |a Texas A&M University  |b College Station  |c Cushing Memorial Library & Archives  |d Cushing: Dykes (Does not check out)  |t 0  |e PQ8519.R668 R36 1969  |h Library of Congress classification  |i unmediated -- volume  |m A14851880188 
998 f f |a PQ8519.R668 R36 1969  |t 0  |l Cushing: Dykes (Does not check out)